000 00856cad a22002175a 4500
001 E153724
008 110822s2011 xxk f s000 0 eng d
020 _a9781780453231
035 _a(Sirsi) u153724
041 0 _aeng
110 2 _aScotland
_bScottish Government
_95344
245 0 4 _aThe muirburn code
_h[electronic resource]
260 _aEdinburgh
_bScottish Government
_c2011
520 _aAn updated version of The Muirburn Code which takes into account changes to the Hill Farming Act 1946 which came into effect on 1 August 2011.
650 2 4 _aHILL FARMING ACT 1946
650 2 4 _aMUIRBURN CODE
651 4 _aScotland
_y1999-
690 _aENVIRONMENTAL AND LAND CONSULTANCY-AGRIBUSINESS-AGRICULTURE
856 4 0 _uhttps://www.scotland.gov.uk/Publications/2011/08/09125203/0
_zView the code free of charge at www.scotland.gov.uk
942 _n0
999 _c112672
_d112672